000 00811nam a2200253Ia 4500
003 OSt
005 20220925230812.0
006 a|||||r|||| 00| 0
007 ta
008 220923b |||||||| |||| 00| 0 eng d
020 _a9789351508113
_c1195.00
037 _b232, 09/03/2017, CLASSIC BOOKS SERVICES
_cGeneral Book
040 _aRTL
_cRTL
_beng
041 _2eng
_aeng
082 _aY9(W6), Q6
100 _aROY Ramashray
_924267
245 0 _aEssays on modernism, democracy and well-being
_b A Gandhian perspective
260 _aLos
_bAngeles Sage
_c2016
300 _ax,312p
_ccm.
650 _aSociology
700 _a RANJAN Ravi
_9292364
942 _hY9(W6), Q6
_cGB
_2CC
999 _c586646
_d586646